Carlos Pereyra: antología de sus obras
Uloženo v:
| Korporativní autor: | |
|---|---|
| Médium: | Kniha |
| Jazyk: | španělština |
| Vydáno: |
Ciudad de México
UNAM
1944
|
| Edice: | Antologías Hispanoamericanas
|
| Témata: | |
| Tagy: |
Přidat tag
Žádné tagy, Buďte první, kdo vytvoří štítek k tomuto záznamu!
|
MARC
| LEADER | 00000nam a2200000 a 4500 | ||
|---|---|---|---|
| 001 | UCO2739 | ||
| 003 | CL-VaPUC | ||
| 008 | 000608e19440000MX |||||||||||||||||spa|d | ||
| 082 | 0 | 4 | |a 980.013 |b UNI |2 21 |
| 110 | 2 | |a Universidad Nacional Autónoma de México |e author |9 446323 | |
| 245 | 1 | 0 | |a Carlos Pereyra: antología de sus obras |
| 300 | |a 260 p | ||
| 942 | |c BK | ||
| 945 | |d 20000608 00:00:00 |a rherrera | ||
| 260 | |a Ciudad de México |b UNAM |c 1944 | ||
| 600 | 0 | 7 | |a PEREYRA, CARLOS |2 CL-VaPUC |9 446224 |
| 600 | 0 | 7 | |a MAGALLANES, HERNANDO DE |2 CL-VaPUC |9 368786 |
| 650 | 0 | |a Historia de América |9 266076 | |
| 650 | 0 | |a Descubrimiento y Conquista de América |9 446281 | |
| 650 | 0 | |a Antologías |9 309836 | |
| 650 | 7 | |a SIGLOS 15-16 |2 CL-VaPUC |9 342334 | |
| 650 | 0 | |a Misioneros |9 324171 | |
| 650 | 0 | |a Historiadores |9 314498 | |
| 651 | 0 | |a México |9 255269 | |
| 583 | |a last modification |c 20000608 00:00:00 |k Rodrigo Vera | ||
| 490 | 0 | |a Antologías Hispanoamericanas | |
| 999 | |c 289237 |d 289235 | ||
| 952 | |0 0 |1 0 |4 0 |6 980_013000000000000_UNI_1944 |7 0 |8 X |9 337473 |a BIBHIS |b BIBHIS |d 2019-11-20 |i 1286552 |o 980.013 UNI 1944 |p 1286552 |r 2024-01-30 |w 2019-11-20 |y BK_X |k HIS | ||